[Event "Cali Valle Colombia op-B"]
[Site "Cali Valle Colombia"]
[Date "2022.12.28"]
[Round "4"]
[White "Bedoya, Gustavo"]
[Black "Jaramillo Dominguez, Alejandro"]
[Result "0-1"]
[WhiteElo "1564"]
[BlackElo "1371"]
[PlyCount "100"]
[EventDate "2022.12.26"]
[EventType "swiss"]
[EventRounds "8"]
[EventCountry "COL"]
[SourceTitle "CBM 211 Extra"]
[Source "ChessBase"]
[SourceDate "2023.01.31"]
[SourceVersion "1"]
[SourceVersionDate "2023.01.31"]
[SourceQuality "1"]

1. d4 Nf6 2. c4 g6 3. Nc3 Bg7 4. e4 d6 5. Be2 0-0 6. Bg5 Nbd7 7. Qd2 e5 8. d5 Nc5 9. b4 Na6 10. Rb1 c6 11. h4 h5 12. f3 Qc7 13. Nh3 cxd5 14. cxd5 Bd7 15. 0-0 Nxb4 16. Nb5 Bxb5 17. Bxb5 Qc5+ 18. Be3 Qxb5 19. Rxb4 Qd7 20. Rfb1 b6 21. Rc4 Rac8 22. Rbc1 Rxc4 23. Rxc4 Rc8 24. Qb4 Rxc4 25. Qxc4 Ne8 26. Qc6 Qxc6 27. dxc6 Kf8 28. a4 Ke7 29. Kf2 Kd8 30. Ng5 Ke7 31. a5 f6 32. Bxb6 fxg5 33. Bxa7 Nc7 34. Bb6 Na6 35. Ke3 Nb4 36. c7 Kd7 37. Kd2 Na6 38. Kc3 Nxc7 39. Kb4 Kc6 40. Bxc7 Kxc7 41. Kb5 Kb7 42. a6+ Kc7 43. a7 Kb7 44. a8Q+ Kxa8 45. Kc6 Bf8 46. hxg5 Be7 47. Kd7 Bxg5 48. Kxd6 Bf4 49. Ke6 g5 50. Kf5 h4 0-1

[Event "Palmira op-B"]
[Site "Palmira"]
[Date "2022.12.17"]
[Round "7"]
[White "Estrada Velandia, Henry Andres"]
[Black "Jaramillo Dominguez, Alejandro"]
[Result "1-0"]
[WhiteElo "1883"]
[BlackElo "1371"]
[PlyCount "43"]
[EventDate "2022.12.14"]
[EventType "swiss"]
[EventRounds "8"]
[EventCountry "COL"]
[SourceTitle "CBM 211 Extra"]
[Source "ChessBase"]
[SourceDate "2023.01.31"]
[SourceVersion "1"]
[SourceVersionDate "2023.01.31"]
[SourceQuality "1"]

1. d4 Nf6 2. c3 g6 3. e3 Bg7 4. Bd3 0-0 5. Ne2 d6 6. 0-0 Nbd7 7. f4 c5 8. f5 Nb6 9. e4 c4 10. Bc2 Qc7 11. Bg5 h6 12. Bxf6 Bxf6 13. fxg6 fxg6 14. Nf4 Kg7 15. e5 dxe5 16. Nxg6 Rf7 17. dxe5 Bxe5 18. Rxf7+ Kxf7 19. Qh5 Bg7 20. Nh8+ Kg8 21. Qe8+ Bf8 22. Qf7+ 1-0

[Event "Palmira op-B"]
[Site "Palmira"]
[Date "2022.12.16"]
[Round "5"]
[White "Jaramillo Dominguez, Alejandro"]
[Black "Vargas, Jose Robinson"]
[Result "1/2-1/2"]
[WhiteElo "1371"]
[BlackElo "2009"]
[PlyCount "76"]
[EventDate "2022.12.14"]
[EventType "swiss"]
[EventRounds "8"]
[EventCountry "COL"]
[SourceTitle "CBM 211 Extra"]
[Source "ChessBase"]
[SourceDate "2023.01.31"]
[SourceVersion "1"]
[SourceVersionDate "2023.01.31"]
[SourceQuality "1"]

1. e4 c5 2. Nc3 a6 3. f4 b5 4. Nf3 Bb7 5. d3 e6 6. Be2 d5 7. exd5 exd5 8. 0-0 Nf6 9. Qe1 Be7 10. Qg3 g6 11. Bd2 d4 12. Nd1 h5 13. Ne5 a5 14. Bf3 Bxf3 15. Qxf3 Qd5 16. Qxd5 Nxd5 17. Re1 Ra6 18. Nf2 Kf8 19. Ne4 Kg7 20. a4 b4 21. b3 f6 22. Nc4 Rd8 23. Re2 Nd7 24. Rae1 Kf7 25. Ng3 f5 26. Ne5+ Nxe5 27. Rxe5 Bf6 28. R5e2 Bh4 29. Re5 Bf6 30. R5e2 Rd7 31. Nh1 Re7 32. Rxe7+ Bxe7 33. Nf2 Re6 34. Rxe6 Kxe6 35. Nd1 Bd6 36. g3 Nf6 37. Nb2 Bc7 38. Nc4 Ng4 1/2-1/2

[Event "COL pre olympic sf2"]
[Site "Palmira"]
[Date "2019.06.01"]
[Round "7"]
[White "Jaramillo Dominguez, Alejandro"]
[Black "Munoz Ortega, Juan David"]
[Result "1-0"]
[WhiteElo "1407"]
[BlackElo "1287"]
[PlyCount "53"]
[EventDate "2019.05.29"]
[EventType "swiss"]
[EventRounds "10"]
[EventCountry "COL"]
[SourceTitle "CBM 190 Extra"]
[Source "ChessBase"]
[SourceDate "2019.07.15"]
[SourceVersion "1"]
[SourceVersionDate "2019.07.15"]
[SourceQuality "1"]

1. e4 e5 2. Nf3 Nc6 3. d4 exd4 4. Nxd4 Bc5 5. Nxc6 dxc6 6. Qxd8+ Kxd8 7. Bc4 Nf6 8. Nc3 Ng4 9. 0-0 Ke7 10. Bf4 Bb6 11. Na4 Rd8 12. Nxb6 cxb6 13. Rad1 Be6 14. Bxe6 fxe6 15. h3 Nf6 16. e5 Nh5 17. Bg5+ Nf6 18. exf6+ gxf6 19. Be3 Rd5 20. c4 Rxd1 21. Rxd1 a6 22. Bxb6 Kf7 23. Rd7+ Kg6 24. Rxb7 e5 25. Ba5 c5 26. Bb6 Rd8 27. Bxd8 1-0

[Event "COL pre olympic sf2"]
[Site "Palmira"]
[Date "2019.05.31"]
[Round "4"]
[White "Cardona, Jacobo"]
[Black "Jaramillo Dominguez, Alejandro"]
[Result "1-0"]
[WhiteElo "1494"]
[BlackElo "1407"]
[PlyCount "62"]
[EventDate "2019.05.29"]
[EventType "swiss"]
[EventRounds "10"]
[EventCountry "COL"]
[SourceTitle "CBM 190 Extra"]
[Source "ChessBase"]
[SourceDate "2019.07.15"]
[SourceVersion "1"]
[SourceVersionDate "2019.07.15"]
[SourceQuality "1"]

1. e4 c5 2. Nf3 d6 3. d4 cxd4 4. Nxd4 Nf6 5. f3 g6 6. c4 Bg7 7. Be3 0-0 8. Qd2 Nc6 9. Nc3 Bd7 10. Be2 Rc8 11. 0-0 Nxd4 12. Bxd4 Qa5 13. Qd3 e6 14. a3 Nh5 15. Bxg7 Kxg7 16. Qxd6 Qc7 17. Qxc7 Rxc7 18. b4 Nf4 19. Rac1 Nxe2+ 20. Nxe2 Rfc8 21. c5 b6 22. cxb6 axb6 23. Rxc7 Rxc7 24. Rc1 Rxc1+ 25. Nxc1 Kf6 26. Kf2 Ke5 27. Ke3 f5 28. Nd3+ Kd6 29. Kd4 Kc6 30. Ne5+ Kd6 31. Nxd7 Kxd7 1-0

[Event "COL pre olympic sf2"]
[Site "Palmira"]
[Date "2019.05.30"]
[Round "3"]
[White "Jaramillo Dominguez, Alejandro"]
[Black "Mora Munoz, John Alexander"]
[Result "0-1"]
[WhiteElo "1407"]
[BlackElo "1614"]
[PlyCount "74"]
[EventDate "2019.05.29"]
[EventType "swiss"]
[EventRounds "10"]
[EventCountry "COL"]
[SourceTitle "CBM 190 Extra"]
[Source "ChessBase"]
[SourceDate "2019.07.15"]
[SourceVersion "1"]
[SourceVersionDate "2019.07.15"]
[SourceQuality "1"]

1. e4 c5 2. Nc3 d6 3. f4 Nf6 4. Nf3 e6 5. Bb5+ Nc6 6. Bxc6+ bxc6 7. 0-0 Qb6 8. Na4 Qb7 9. d3 d5 10. e5 Nd7 11. Bd2 Nb6 12. Nxb6 axb6 13. c4 b5 14. Kh1 b4 15. b3 h6 16. Be3 d4 17. Bc1 Ra6 18. Qe1 Be7 19. a4 bxa3 20. Bxa3 Qxb3 21. Rf2 0-0 22. Rfa2 Qxd3 23. Bb2 Rxa2 24. Rxa2 Bd8 25. Ra8 Bd7 26. Ra7 Bc8 27. Ra8 Bb7 28. Ra7 Qb3 29. Bxd4 cxd4 30. Nxd4 Qxc4 31. Rxb7 Qxd4 32. g3 Qd5+ 33. Kg1 c5 34. Rb5 Qd4+ 35. Kh1 Be7 36. Rb7 Qd5+ 37. Kg1 Qxb7 0-1

[Event "COL-chT Interligas"]
[Site "Palmira"]
[Date "2019.04.28"]
[Round "3.2"]
[White "Jaramillo Dominguez, Alejandro"]
[Black "Gonzalez Velasco, Leandro"]
[Result "0-1"]
[WhiteElo "1407"]
[BlackElo "1742"]
[PlyCount "48"]
[EventDate "2019.04.27"]
[EventType "team-swiss"]
[EventRounds "6"]
[EventCountry "COL"]
[SourceTitle "CBM 190 Extra"]
[Source "ChessBase"]
[SourceDate "2019.07.15"]
[SourceVersion "1"]
[SourceVersionDate "2019.07.15"]
[SourceQuality "1"]
[WhiteTeam "Valle Talentos Palmira IV"]
[BlackTeam "Valle Carlos Cuartas IV"]
[WhiteTeamCountry "COL"]
[BlackTeamCountry "COL"]

1. e4 c5 2. f4 Nc6 3. Nf3 g6 4. Bb5 Bg7 5. Bxc6 bxc6 6. Nc3 d6 7. d3 e6 8. 0-0 Ne7 9. Bd2 0-0 10. Rb1 Qc7 11. Na4 f5 12. e5 dxe5 13. fxe5 Bxe5 14. Nxc5 Bd6 15. Be3 Nd5 16. Qd2 e5 17. g3 f4 18. gxf4 Nxf4 19. Ng5 Qe7 20. Nge4 Bh3 21. Rf2 Bg4 22. Kh1 Nh3 23. Rff1 Bf3+ 24. Rxf3 Rxf3 0-1